UM Logo

Traffic management and accident investigation with driving / (Record no. 17514)

MARC details
000 -LEADER
fixed length control field 00744nam a2200193 4500
005 - DATE AND TIME OF LATEST TRANSACTION
control field 20260330094458.0
008 - FIXED-LENGTH DATA ELEMENTS--GENERAL INFORMATION
fixed length control field 221029b ||||| |||| 00| 0 eng d
020 ## - INTERNATIONAL STANDARD BOOK NUMBER
International Standard Book Number 9789719647607
082 ## - DEWEY DECIMAL CLASSIFICATION NUMBER
Edition number
Classification number DFil 363.2332 Ap22 2022
Item number
100 ## - MAIN ENTRY--PERSONAL NAME
Personal name Apela, Renor N.
9 (RLIN) 46536
245 ## - TITLE STATEMENT
Title Traffic management and accident investigation with driving /
Statement of responsibility, etc. Renor N. Apela, Roy E. Estillero and Carlito L. Siy.
260 ## - PUBLICATION, DISTRIBUTION, ETC. (IMPRINT)
Place of publication, distribution, etc. Quezon City :
Name of publisher, distributor, etc. ChapterHouse Publishing Incorporated,
Date of publication, distribution, etc. ©2022.
300 ## - PHYSICAL DESCRIPTION
Extent 227 pages :
Other physical details illustrations ;
Dimensions 22 cm.
500 ## - GENERAL NOTE
General note Includes bibliographical references.<br/>
650 ## - SUBJECT ADDED ENTRY--TOPICAL TERM
Topical term or geographic name as entry element Traffic
General subdivision Management.
9 (RLIN) 46578
700 ## - ADDED ENTRY--PERSONAL NAME
Personal name Estillero, Roy E.
Relator term author.
9 (RLIN) 46579
700 ## - ADDED ENTRY--PERSONAL NAME
Personal name Siy, Carlito L.
Relator term author.
9 (RLIN) 46580
942 ## - ADDED ENTRY ELEMENTS (KOHA)
Source of classification or shelving scheme Dewey Decimal Classification
Koha item type Filipiniana
Holdings
Withdrawn status Lost status Source of classification or shelving scheme Damaged status Not for loan Collection code Home library Current library Shelving location Date acquired Source of acquisition Cost, normal purchase price Total Checkouts Full call number Barcode Date last seen Date last checked out Copy number Price effective from Koha item type
    Dewey Decimal Classification     Filipiniana UM Digos College - LIC UM Digos College - LIC Book Cart 08/16/2022 Purchased 699.00 1 DFil 363.2332 Ap22 2022 26995 05/15/2025 02/16/2024 1 10/29/2022 Filipiniana
    Dewey Decimal Classification     Filipiniana UM Digos College - LIC UM Digos College - LIC   08/16/2022 Purchased 699.00   DFil 363.2332 Ap22 2022 26996 05/15/2025   2 10/29/2022 Filipiniana